000 00275nam a2200109 a 4500
005 20200930074226.0
008 111027s1954 000 spa d
100 _aLavelle, Louis
_961042
245 4 _aLas potencias del yo.
260 _aBuenos Aires,
_c1954.
999 _c34768
_d34768
040 _aDO-SdBNP